000
00309cam a2200121ua 4500
082
_a
894.812 2
_b
PAD/YA
100
_a
Padmanabha Pillai, Kainikara .
_9
1694
245
_a
Yavanika /
260
_a
Kottayam :
_b
National Book Stall ,
_c
1959.
300
_a
135 ; .
650
_a
Drama - Malayalam
_9
1695
942
_c
BK
999
_c
464
_d
464